| 000 | 00773nam a22002057a 4500 | ||
|---|---|---|---|
| 003 | 0 | ||
| 005 | 20250116072031.0 | ||
| 008 | 160118b xxu||||| |||| 00| 0 eng d | ||
| 050 |
_aPHS TL 233 _b.M553 2015 |
||
| 100 | _aMercado, Christian Dale B. | ||
| 245 |
_aJeepney: from military vehicle to public transportation _cChristian Dale B. Mercado |
||
| 260 |
_aLas PiƱas, Philippines : _bSouthville International School and Colleges, _c2015. |
||
| 300 |
_aiii, 38 p. ; _c28 cm. |
||
| 504 | _aIncludes bibliographical references. | ||
| 650 |
_aJeepneys _vHistory. |
||
| 650 |
_aPublic transportation _vSocial aspects _zPhilippines. |
||
| 650 |
_aMilitary vehicles _vConversion to civilian use. |
||
| 651 |
_aPhilippines _vPublic transportation _xHistory. |
||
| 942 |
_2lcc _cPASS |
||
| 999 |
_c290430 _d290430 |
||